000 00343nam a22001457a 4500
003 MACL
005 20191010160442.0
008 191010b xxu||||| |||| 00| 0 eng d
040 _cMACL
100 _aUsha
_976913
245 _aThe Rajputs in India
260 _aDelhi
_bDev Pustak Mandir
_c2017
650 _aHistory
_976914
942 _2ddc
_cBK
999 _c61175
_d61175